Sports Quiz

Random Sports Quiz

Sports Nicknames Quiz Stats

 Plays Quiz not verified by Sporcle

Also try: Final Four Cities
Challenge
Share
Tweet
Embed
Score 0/20 Timer 03:00
0 Plays Today
Athlete Nickname % Correct
Shaquille O'NealDiesel
87.8%
Glen DavisBig Baby
86.2%
William PerryThe Fridge
76.9%
Randy JohnsonBig Unit
73.8%
Gilbert ArenasAgent Zero
69.4%
Kobe BryantThe Black Mamba
69.4%
Charles BarkleyThe Round Mound Of Rebound
67.3%
Joe NamathBroadway Joe
67.3%
Earl MonroeThe Pearl
64.6%
Roy HalladayDoc
61.5%
Athlete Nickname % Correct
Hank AaronHammerin' Hank
61.2%
Kenny SmithThe Jet
53.8%
Ty CobbThe Georgia Peach
53.1%
Marshawn LynchBeast
52.3%
Mario LemieuxSuper Mario
52.3%
Dick LaneNight Train
50.8%
Lou GrozaThe Toe
26.5%
Larry BirdBasketball Jesus
20%
Darrell GriffithDr. Dunkenstein
9.2%
Arnold SchwarzeneggerThe Austrian Oak
6.2%

You're not logged in!

Compare scores with friends on all Sporcle quizzes.
OR
Log In

You Might Also Like...

Show Comments

Extras

Created Jan 8, 2012ReportNominate
Tags:Athletes, nickname

Top Quizzes Today


Score Distribution

Your Account Isn't Verified!

In order to create a playlist on Sporcle, you need to verify the email address you used during registration. Go to your Sporcle Settings to finish the process.

Report this User

Report this user for behavior that violates our Community Guidelines.

Details: